Egitto : splendore millenario : la collezione di Leiden a Bologna /

Saved in:

Corporate Author: Museo civico archeologico di Bologna.

Other Authors: Giovetti, Paola‏., Picchi, Daniela.

Format: Book

Language: Italian

Published: Milano : Skita, [2015].

Subjects:

Tags: Add Tag

No Tags, Be the first to tag this record!

Call Number: DT59 .B576 E35 2015

LEADER 01070namaa2200277 4500
003 OSt
005 20260510082126.0
008 150831s2015 it a b 000 0 ita d
020 |a 9788857230146 
040 |c ARCE Library 
043 |a f-ua--- 
050 4 |b DT59 .B576 E35 2015 
245 0 0 |a Egitto :   |b splendore millenario : la collezione di Leiden a Bologna /   |c a cura di Paola Giovetti e Daniela Picchi. 
264 1 |a Milano :  |b Skita,  |c [2015]. 
300 |a 591 pages :  |b illustrations (chiefly color) ;  |c 29 cm. 
500 |a Catalog of an exhibition held at the Museo civico archeologico, Bologna, Italy, October 16, 2015-July 17, 2016. 
504 |a Includes bibliographical references (page 581-591) 
610 2 0 |a Rijksmuseum van Oudheden te Leiden  |v Exhibitions. 
650 0 |a Excavations (Archaeology)  |z Egypt  |v Exhibitions. 
651 0 |a Egypt  |x Antiquities  |v Exhibitions. 
700 1 |a Giovetti, Paola‏.  |9 30810 
700 1 |a Picchi, Daniela.  |9 37615 
710 2 |a Museo civico archeologico di Bologna. 
901 |a reviewed 
942 |c BK  |2 lcc 
999 |c 2268  |d 2268